MARC details
| 000 -LEADER |
| campo de control de longitud fija |
02378nam a2200337 i 4500 |
| 001 - NÚMERO DE CONTROL |
| campo de control |
161320 |
| 003 - IDENTIFICADOR DE NÚMERO DE CONTROL |
| campo de control |
ES-MaACL |
| 005 - FECHA Y HORA DE LA ÚLTIMA TRANSACCIÓN |
| campo de control |
20250815145449.0 |
| 008 - DATOS DE LONGITUD FIJA--INFORMACIÓN GENERAL |
| campo de control de longitud fija |
931025m17951796sp f |||| |cspa d |
| 100 1# - ENTRADA PRINCIPAL--NOMBRE DE PERSONA |
| Nombre de persona |
Palomino de Castro y Velasco, Antonio. |
| 9 (RLIN) |
88697 |
| 245 13 - MENCIÓN DEL TÍTULO |
| Título |
El Museo Pictorico, y Escala Optica / |
| Mención de responsabilidad, etc. |
por Don Antonio Palomino de Castro y Velasco. |
| 260 ## - PUBLICACIÓN, DISTRIBUCIÓN, ETC. |
| Lugar de publicación, distribución, etc. |
En Madrid : |
| Nombre del editor, distribuidor, etc. |
en la Imprenta de Sancha se hallará en su Libreria en la Aduana vieja, |
| Fecha de publicación, distribución, etc. |
1795-1797. |
| 300 ## - DESCRIPCIÓN FÍSICA |
| Extensión |
3 t. en 2 v. ([2], XVI, 396 p., 4 h. de grab. pleg. ; [2], VIII, 755 p., [13] h. de grab. pleg. ; |
| Dimensiones |
Fol. (30 cm) |
| 505 8# - NOTA DE CONTENIDO CON FORMATO |
| Nota de contenido con formato |
Contiene: t. 1. Teórica de la pintura en que se describe su origen, esencia, especies y qualidades -- t. 2. Práctica de la pintura en que se trata del modo de pintar, á el olio, temple y fresco ... Y de la perspectiva comun la de techos, angulos, teatros, y monumentos de perspectiva ... (con frontispicio y portada propia) -- t. 3. El Parnaso Español Pintoresco Laureado, con las vidas de los pintores y estatuarios eminentes españoles ... y de aquellos extrangeros ilustres que han concurrido en estas provincias... (año de 1796) |
| 530 ## - NOTA DISPONIBLE DE FORMULARIO FÍSICO ADICIONAL |
| Nota de formato físico adicional disponible |
Disponible en formato digital. |
| 597 ## - NOTA DE DESCRIPCIÓN FÍSICA |
| NOTA DE DESCRIPCIÓN FÍSICA |
Sign. : [ ]1, a-b4, A-Z4, 2A-2Z4, 3A-3C4, 3D2 ; []1, a4, A-4Z4, 5A-5B4, 5C2. |
| 599 ## - NOTA A LAS ILUSTRACIONES |
| NOTA A LAS ILUSTRACIONES |
Frontispicio calcográfico alegórico : "Palom. inv. Rovira sculp." |
| 599 ## - NOTA A LAS ILUSTRACIONES |
| NOTA A LAS ILUSTRACIONES |
Frontispicio calcográfico: "Joan. Palom. Sculpsit Mat." , "1723" (t. 2) |
| 599 ## - NOTA A LAS ILUSTRACIONES |
| NOTA A LAS ILUSTRACIONES |
Lám.: grabados calcográficos, que en el t. 1 representan figuras geométricas y en el t. 2 son estudios del cuerpo humano y de edificios, firmadas: "Js. ã Palomº sculpsit" |
| 650 #7 - PUNTO DE ACCESO ADICIONAL DE MATERIA--TÉRMINO DE MATERIA |
| Término de materia o nombre geográfico como elemento de entrada |
Pintura |
| Fuente del encabezamiento o término |
embne |
| 9 (RLIN) |
16002 |
| 650 #7 - PUNTO DE ACCESO ADICIONAL DE MATERIA--TÉRMINO DE MATERIA |
| Término de materia o nombre geográfico como elemento de entrada |
Pintores- |
| Subdivisión geográfica |
España- |
| Subdivisión general |
Biografías |
| 9 (RLIN) |
149394 |
| 650 #7 - PUNTO DE ACCESO ADICIONAL DE MATERIA--TÉRMINO DE MATERIA |
| Término de materia o nombre geográfico como elemento de entrada |
Escultores- |
| Subdivisión geográfica |
España- |
| Subdivisión general |
Biografías |
| 9 (RLIN) |
149395 |
| 700 1# - ENTRADA AGREGADA--NOMBRE PERSONAL |
| Nombre de persona |
Sancha, Gabriel de, |
| Fechas asociadas al nombre |
1747-1820 |
| 9 (RLIN) |
163556 |
| 740 02 - ENTRADA AGREGADA--TÍTULO RELACIONADO/ANALÍTICO NO CONTROLADO |
| Título relacionado o analítico no controlado |
Teórica de la pintura, en que se describe su origen, esencia, especies y qualidades. |
| 740 02 - ENTRADA AGREGADA--TÍTULO RELACIONADO/ANALÍTICO NO CONTROLADO |
| Título relacionado o analítico no controlado |
Práctica de la pintura, en que se trata del modo de pintar á el olio, temple y fresco. |
| 740 32 - ENTRADA AGREGADA--TÍTULO RELACIONADO/ANALÍTICO NO CONTROLADO |
| Título relacionado o analítico no controlado |
El Parnaso Español Pintoresco Laureado. |
| 852 ## - LOCALIZACIÓN |
| Ubicación |
ES-MaACL |
| Número de control de estantería |
R-111-112 |
| Nota libre |
- Enc. pasta española con hierros |
| Encuadernación |
Olim: C-2562-63 |
| 856 ## - LOCALIZACIÓN Y ACCESO ELECTRÓNICOS |
| Identificador Uniforme de Recursos |
<a href="http://bdh-rd.bne.es/viewer.vm?id=0000040411&page=1 ">http://bdh-rd.bne.es/viewer.vm?id=0000040411&page=1 </a> |
| Nota pública |
Biblioteca Digital Hispánica |
| 942 ## - ELEMENTOS DE ENTRADA SECUNDARIOS (KOHA) |
| Fuente del sistema de clasificación o colocación |
Clasificación decimal universal |